Stringing the pearls (Record no. 91489)
[ view plain ]
| 000 -LEADER | |
|---|---|
| fixed length control field | 01564nam a2200349 a 4500 |
| 082 04 - DEWEY DECIMAL CLASSIFICATION NUMBER | |
| Classification number | 222/.10071 |
| 100 1# - MAIN ENTRY--AUTHOR NAME | |
| Personal name | Diamond, James S. |
| 245 10 - TITLE STATEMENT | |
| Title | Stringing the pearls |
| 250 ## - EDITION STATEMENT | |
| Edition statement | 1st ed. |
| 260 ## - PUBLICATION, DISTRIBUTION, ETC. (IMPRINT) | |
| Place of publication | Philadelphia : |
| Name of publisher | Jewish Publication Society, |
| Year of publication | 2008. |
| 300 ## - PHYSICAL DESCRIPTION | |
| Number of Pages | xxii, 234 p. : |
| Other physical details | ill. |
| 505 0# - FORMATTED CONTENTS NOTE | |
| Formatted contents note | pt. I. Preliminaries : what are we talking about? -- pt. II. Reading and hearing -- pt III. Some major approaches to reading a parashah -- pt. IV. How to read a weekly Torah portion -- pt. V. Commentaries : a concise guide. |
| 856 40 - ELECTRONIC LOCATION AND ACCESS | |
| Uniform Resource Identifier | http://site.ebrary.com/lib/rucke/Doc?id=10388526 |
No items available.
